Инновационные процессы комплексной и глубокой переработки природного и нетрадиционного минерального сырья (Запись № 13539110)

Подробности
000 -МАРКЕР
контрольное поле 03754nam0a2200517 4500
001 - ИДЕНТИФИКАТОР ЗАПИСИ
контрольное поле RU\NLR\BIBL_A\022656928
005 - ИДЕНТИФИКАТОР ВЕРСИИ
контрольное поле 20260128141342.0
010 ## - МЕЖДУНАРОДНЫЙ СТАНДАРТНЫЙ НОМЕР КНИГИ (ISBN)
Номер (ISBN) 978-5-6047797-5-0
Тираж 320
021 ## - НОМЕР ГОСУДАРСТВЕННОЙ РЕГИСТРАЦИИ
Код страны Российская Федерация
Номер КН-П-25-057614
Номер Листа государственной регистраци КН-П-25-5548
035 ## - ДРУГИЕ СИСТЕМНЫЕ НОМЕРА
Идентификатор записи (NLR Aleph) 022656928
100 ## - ДАННЫЕ ОБЩЕЙ ОБРАБОТКИ
Данные общей обработки 20251029d2025 k y0rusy50 ca
101 0# - ЯЗЫК РЕСУРСА
Язык текста, звукозаписи и т.д. русский
Язык резюме английский
102 ## - СТРАНА ПУБЛИКАЦИИ ИЛИ ПРОИЗВОДСТВА
Страна публикации Российская Федерация
105 ## - ПОЛЕ КОДИРОВАННЫХ ДАННЫХ: ТЕКСТОВЫЕ МАТЕРИАЛЫ, МОНОГРАФИЧЕСКИЕ
Кодированные данные о монографическом текстовом документе a z 111yy
181 #0 - ПОЛЕ КОДИРОВАННЫХ ДАННЫХ: ВИД СОДЕРЖАНИЯ
Код вида содержания (ISBD) i
Код характеристики содержания (ISBD) xxe
182 #0 - ПОЛЕ КОДИРОВАННЫХ ДАННЫХ: ТИП СРЕДСТВА
Код типа средства (ISBD) n - непосредственное
200 1# - ЗАГЛАВИЕ И СВЕДЕНИЯ ОБ ОТВЕТСТВЕННОСТИ
Основное заглавие Инновационные процессы комплексной и глубокой переработки природного и нетрадиционного минерального сырья
Параллельное заглавие Innovative processes of integrated and deep processing of natural and non-traditional mineral raw materials
Сведения, относящиеся к заглавию (Плаксинские чтения – 2025)
-- материалы международной конференции, г. Екатеринбург, 29 сентября – 4 октября 2025 г.
Первые сведения об ответственности Отделение наук о Земле Российской академии наук [и др.]
Последующие сведения об ответственности составители: к. т. н., доц. Т. В. Чекушина, к. т. н., доц. Т. Ю. Овчинникова
-- научный редактор: академик РАН В. А. Чантурия
Язык параллельного заглавия английский
203 ## - ВИД СОДЕРЖАНИЯ И ТИП СРЕДСТВА
Вид содержания Текст
Дополнительные сведения об издании визуальный
Тип средства непосредственный
210 ## - ПУБЛИКАЦИЯ, РАСПРОСТРАНЕНИЕ И ДР.
Место издания, распространения и т.д. Екатеринбург
Имя издателя, распространителя и т. д. Русских А. В.
Дата издания, распространения и т.д. 2025
215 ## - ФИЗИЧЕСКАЯ ХАРАКТЕРИСТИКА
Специфическое обозначение материала и объем 524, [3] с.
Другие сведения о физической характеристике ил., цв. ил., табл.
Размеры 21
300 ## - ОБЩИЕ ПРИМЕЧАНИЯ
Текст примечания Рез. англ.
300 ## - ОБЩИЕ ПРИМЕЧАНИЯ
Текст примечания На тит. с.: 125 лет чл.-кор. АН СССР И. Н. Плаксину, 1900–1967
300 ## - ОБЩИЕ ПРИМЕЧАНИЯ
Текст примечания На обл.: 280 лет золотодобывающей пром-сти России
301 ## - ПРИМЕЧАНИЯ, ОТНОСЯЩИЕСЯ К ИДЕНТИФИКАЦИОННЫМ НОМЕРАМ
Текст примечания DOI 10.21440/978-5-6047797-5-0-2025-3-510
320 ## - ПРИМЕЧАНИЯ О НАЛИЧИИ В ДОКУМЕНТЕ БИБЛИОГРАФИИ / УКАЗАТЕЛЯ
Текст примечания Авт. указ.: в конце кн.
320 ## - ПРИМЕЧАНИЯ О НАЛИЧИИ В ДОКУМЕНТЕ БИБЛИОГРАФИИ / УКАЗАТЕЛЯ
Текст примечания Библиогр. в конце ст.
510 1# - ПАРАЛЛЕЛЬНОЕ ЗАГЛАВИЕ
Параллельное заглавие Innovative processes of integrated and deep processing of natural and non-traditional mineral raw materials
Язык заглавия английский
517 1# - ДРУГИЕ ВАРИАНТЫ ЗАГЛАВИЯ
Вариант заглавия Плаксинские чтения – 2025
606 1# - НАИМЕНОВАНИЕ ТЕМЫ КАК ПРЕДМЕТ
Наименование темы Минеральное сырье
Формальный подзаголовок Съезды, совещания и т.п
Тематический подзаголовок Переработка
Системный номер авторитетной/нормативной записи 1674890
Идентификатор авторитетной/нормативной записи RU\NLR\AUTH\66743124
606 1# - НАИМЕНОВАНИЕ ТЕМЫ КАК ПРЕДМЕТ
Наименование темы Техногенное сырье
Формальный подзаголовок Съезды, совещания и т.п
Системный номер авторитетной/нормативной записи 2089554
Идентификатор авторитетной/нормативной записи RU\NLR\AUTH\661264859
606 1# - НАИМЕНОВАНИЕ ТЕМЫ КАК ПРЕДМЕТ
Наименование темы Обогащение (горн.)
Формальный подзаголовок Съезды, совещания и т.п
Системный номер авторитетной/нормативной записи 937805
Идентификатор авторитетной/нормативной записи RU\NLR\AUTH\6627815
606 1# - НАИМЕНОВАНИЕ ТЕМЫ КАК ПРЕДМЕТ
Наименование темы Флотация
Формальный подзаголовок Съезды, совещания и т.п
Системный номер авторитетной/нормативной записи 1179983
Идентификатор авторитетной/нормативной записи RU\NLR\AUTH\66157036
606 1# - НАИМЕНОВАНИЕ ТЕМЫ КАК ПРЕДМЕТ
Наименование темы Гидрометаллургия
Формальный подзаголовок Съезды, совещания и т.п
Системный номер авторитетной/нормативной записи 988621
Идентификатор авторитетной/нормативной записи RU\NLR\AUTH\6655111
686 1# - ИНДЕКСЫ ДРУГИХ КЛАССИФИКАЦИЙ
Индекс Л20я431(0)
686 1# - ИНДЕКСЫ ДРУГИХ КЛАССИФИКАЦИЙ
Индекс И41я431(0)
686 1# - ИНДЕКСЫ ДРУГИХ КЛАССИФИКАЦИЙ
Индекс К315я431(0)
702 #1 - ИМЯ ЛИЦА - ВТОРИЧНАЯ ОТВЕТСТВЕННОСТЬ
Начальный элемент ввода Чекушина
Часть имени, кроме начального элемента ввода Т. В.
Расширение инициалов личного имени Татьяна Владимировна
Код отношения Составитель
702 #1 - ИМЯ ЛИЦА - ВТОРИЧНАЯ ОТВЕТСТВЕННОСТЬ
Код отношения Редактор
Графика поля Кириллица
Материалы, к которым относится поле rus
Начальный элемент ввода Чантурия
Часть имени, кроме начального элемента ввода В. А.
Даты 1938-
Расширение инициалов личного имени Валентин Алексеевич
Системный номер авторитетной/нормативной записи 27430
Идентификатор авторитетной/нормативной записи RU\NLR\AUTH\7744490
711 12 - НАИМЕНОВАНИЕ ОРГАНИЗАЦИИ - АЛЬТЕРНАТИВНАЯ ОТВЕТСТВЕННОСТЬ
Начальный элемент ввода "Инновационные процессы комплексной и глубокой переработки природного и нетрадиционного минерального сырья", международная конференция
Место проведения временной организации Екатеринбург
Дата проведения временной организации 2025
Системный номер авторитетной/нормативной записи 2685075
Идентификатор авторитетной/нормативной записи RU\NLR\AUTH\880634454
712 02 - НАИМЕНОВАНИЕ ОРГАНИЗАЦИИ - ВТОРИЧНАЯ ОТВЕТСТВЕННОСТЬ
Код отношения Организатор конференции
Начальный элемент ввода Российская академия наук
Структурное подразделение Отделение наук о Земле
Системный номер авторитетной/нормативной записи 606128
Идентификатор авторитетной/нормативной записи RU\NLR\AUTH\8810052853
942 ## - ДОПОЛНИТЕЛЬНЫЕ ЭЛЕМЕНТЫ ЗАПИСИ (АБИС)
Тип экземпляра АБИС Книга
980 ## - КОЛЛЕКЦИЯ
Название коллекции Национальная библиография

Нет доступных экземпляров.